Majmoo'a Muhammad Hasan Askari (Record no. 311805)
[ view plain ]
| 000 -LEADER | |
|---|---|
| fixed length control field | 00254 a2200109 4500 |
| 001 - CONTROL NUMBER | |
| control field | 76732 |
| 082 ## - DEWEY DECIMAL CLASSIFICATION NUMBER | |
| Classification number | 891.4394 ASK |
| 090 ## - LOCALLY ASSIGNED LC-TYPE CALL NUMBER (OCLC); LOCAL CALL NUMBER (RLIN) | |
| -- | 39251 |
| -- | 39251 |
| 100 ## - MAIN ENTRY--PERSONAL NAME | |
| Personal name | Askari,Muhammad Hasan |
| 245 ## - TITLE STATEMENT | |
| Title | Majmoo'a Muhammad Hasan Askari |
| 260 ## - PUBLICATION, DISTRIBUTION, ETC. | |
| Name of publisher, distributor, etc. | Sang-e-meel |
| 942 ## - ADDED ENTRY ELEMENTS (KOHA) | |
| Institution code [OBSOLETE] | NUST-CAE |
| Call number prefix | 891.4394 ASK |
| Withdrawn status | Lost status | Damaged status | Not for loan | Collection code | Permanent Location | Current Location | Date acquired | Total Checkouts | Full call number | Barcode | Date last seen | Price effective from | Koha item type |
|---|---|---|---|---|---|---|---|---|---|---|---|---|---|
| College of Aeronautical Engineering (CAE) | College of Aeronautical Engineering (CAE) | 04/03/2017 | 891.4394 ASK | CAEN-4010 | 04/05/2017 | 04/05/2017 | Book |
